| 000 | 00894nam a2200277 i 4500 | ||
|---|---|---|---|
| 001 | 13588 | ||
| 003 | ES-MaACL | ||
| 005 | 20240605122613.0 | ||
| 007 | t| | ||
| 008 | 890512s1990 sp ||||0| spa j | ||
| 016 | 7 | _zSAB9000050212 | |
| 020 | _a84-7039-228-X | ||
| 040 |
_aM-BN-DP _bspa _cM-BN-DP |
||
| 080 | _a860-14"19" | ||
| 100 | 1 |
_aAleixandre, Vicente, _d1898-1984 _919688 |
|
| 245 | 1 | 0 |
_aSombra del paraíso / _cVicente Aleixandre ; edición, introducción y notas de Leopoldo de Luis. |
| 250 | _a3ª ed. rev. | ||
| 260 |
_aMadrid : _bCastalia, _c1990. |
||
| 300 |
_a206 p., [4] p. de lám : _bfacs ; _c18 cm. |
||
| 490 | 1 |
_aClásicos Castalia ; _v71 |
|
| 504 | _aBibliografía: p. 62-81. | ||
| 700 | 1 |
_aLuis, Leopoldo de, _d1918-2005 _974682 |
|
| 830 | 0 |
_aClásicos Castalia ; _v71 _9178595 |
|
| 852 |
_aES-MaACL _jL-20983 _bR.126588 |
||
| 999 |
_c13588 _d13588 |
||